Top 10 Formula One Drivers Starting With 'L' - Statistics

General Stats
  • This quiz has been taken 67 times
  • The average score is 5 of 10
Answer Stats
Lp. Nationality Career Driver % Correct
3 Monegasque 2018- Charles Leclerc
100%
1 Austrian 1971-1985 Niki Lauda
93%
9 Canadian 2020-2022 Nicholas Latifi
84%
2 French 1974-1986 Jacques Laffite
59%
6 Finnish 1989-1994 JJ Lehto
54%
8 Italian 2005-2011 Vitantonio Liuzzi
43%
7 Rhodesian 1962-1972 John Love
36%
5 Italian 1987-1997 Nicola Larini
30%
10 Dutch 1979-1992 Jan Lammers
14%
4 British 1957-1958 Stuart Lewis-Evans
9%
No matching quizzes found
Score Distribution
Percent of People with Each Score
Percentile by Number Answered
Your Score History
You have not taken this quiz